Online katalóg knižníc regiónu Turca

Turiec medzi Fatrami (Record no. 22782)

MARC details
000 -LEADER
fixed length control field 02117nam a2200613 4500
001 - CONTROL NUMBER
control field 22782
003 - CONTROL NUMBER IDENTIFIER
control field SK-KTurca
005 - DATE AND TIME OF LATEST TRANSACTION
control field 20260423131632.0
008 - FIXED-LENGTH DATA ELEMENTS--GENERAL INFORMATION
fixed length control field 211104s2021 xo o g n 000 0 slo d
020 ## - INTERNATIONAL STANDARD BOOK NUMBER
International Standard Book Number 9788089694839
Qualifying information (viazané)
035 ## - SYSTEM CONTROL NUMBER
System control number a000696321
040 ## - CATALOGING SOURCE
Original cataloging agency SVKPO
Language of cataloging slo
Transcribing agency SVKPO
Modifying agency UKB
Description conventions rda
041 1# - LANGUAGE CODE
Language code of text/sound track or separate title slo
-- eng
Language code of original slo
043 ## - GEOGRAPHIC AREA CODE
Geographic area code e-xo---
044 ## - COUNTRY OF PUBLISHING/PRODUCING ENTITY CODE
MARC country code xo
ISO country code SK
072 #7 - SUBJECT CATEGORY CODE
Subject category code 913(4)
Subject category code subdivision Geografia Európy, reálie, cestovanie
Source konspekt
072 #7 - SUBJECT CATEGORY CODE
Subject category code 502
Subject category code subdivision Životné prostredie a jeho ochrana
Source konspekt
080 ## - UNIVERSAL DECIMAL CLASSIFICATION NUMBER
Universal Decimal Classification number 502.2
Edition identifier 2011
080 ## - UNIVERSAL DECIMAL CLASSIFICATION NUMBER
Universal Decimal Classification number 591.9
Edition identifier 2011
080 ## - UNIVERSAL DECIMAL CLASSIFICATION NUMBER
Universal Decimal Classification number 581.9
Edition identifier 2011
080 ## - UNIVERSAL DECIMAL CLASSIFICATION NUMBER
Universal Decimal Classification number 913(437.6)
Edition identifier 2011
080 ## - UNIVERSAL DECIMAL CLASSIFICATION NUMBER
Universal Decimal Classification number (437.6)
Edition identifier 2011
080 ## - UNIVERSAL DECIMAL CLASSIFICATION NUMBER
Universal Decimal Classification number (234.372)
Edition identifier 2011
080 ## - UNIVERSAL DECIMAL CLASSIFICATION NUMBER
Universal Decimal Classification number (036)
Edition identifier 2011
080 ## - UNIVERSAL DECIMAL CLASSIFICATION NUMBER
Universal Decimal Classification number (084.12)
Edition identifier 2011
080 ## - UNIVERSAL DECIMAL CLASSIFICATION NUMBER
Universal Decimal Classification number (0.027)=030
Edition identifier 2011
100 1# - MAIN ENTRY--PERSONAL NAME
Personal name Farský, Ján
Relationship aut
-- pht
245 10 - TITLE STATEMENT
Title Turiec medzi Fatrami
Statement of responsibility, etc. Ján Farský ; autori fotografií: Ján Farský, Mário Veverka ; preklad Juraj Valko
246 31 - VARYING FORM OF TITLE
Title proper/short title Turiec between Fatra mountains
264 #1 - PRODUCTION, PUBLICATION, DISTRIBUTION, MANUFACTURE, AND COPYRIGHT NOTICE
Place of production, publication, distribution, manufacture Turany
Name of producer, publisher, distributor, manufacturer P+M
Date of production, publication, distribution, manufacture, or copyright notice [2021]
300 ## - PHYSICAL DESCRIPTION
Extent 169 strán
Other physical details farebné ilustrácie
Dimensions 23 x 23 cm
336 ## - CONTENT TYPE
Content type term text
Content type code txt
Source rdacontent
336 ## - CONTENT TYPE
Content type term statický obraz
Content type code sti
Source rdacontent
337 ## - MEDIA TYPE
Media type term bez média
Media type code n
Source rdamedia
338 ## - CARRIER TYPE
Carrier type term zväzok
Carrier type code nc
Source rdacarrier
500 ## - GENERAL NOTE
General note Rok vydania podľa NA ISBN
504 ## - BIBLIOGRAPHY, ETC. NOTE
Bibliography, etc. note Obsahuje bibliografiu
546 ## - LANGUAGE NOTE
Language note Súbežný názov a text v angličtine
650 07 - SUBJECT ADDED ENTRY--TOPICAL TERM
Topical term or geographic name entry element príroda
Geographic subdivision Slovensko
Source of heading or term UKBPH
650 07 - SUBJECT ADDED ENTRY--TOPICAL TERM
Topical term or geographic name entry element fauna
Geographic subdivision Slovensko
Source of heading or term UKBPH
650 07 - SUBJECT ADDED ENTRY--TOPICAL TERM
Topical term or geographic name entry element flóra
Geographic subdivision Slovensko
Source of heading or term UKBPH
650 07 - SUBJECT ADDED ENTRY--TOPICAL TERM
Topical term or geographic name entry element pešia turistika
Geographic subdivision Slovensko
Source of heading or term UKBPH
651 #7 - SUBJECT ADDED ENTRY--GEOGRAPHIC NAME
Geographic name Turiec (Slovensko : región)
Source of heading or term UKBPH
651 #7 - SUBJECT ADDED ENTRY--GEOGRAPHIC NAME
Geographic name Malá Fatra (Slovensko : pohorie)
Source of heading or term UKBPH
651 #7 - SUBJECT ADDED ENTRY--GEOGRAPHIC NAME
Geographic name Veľká Fatra (Slovensko : pohorie)
Source of heading or term UKBPH
651 #7 - SUBJECT ADDED ENTRY--GEOGRAPHIC NAME
Geographic name Turčianska kotlina (Slovensko)
Source of heading or term UKBPH
655 #7 - INDEX TERM--GENRE/FORM
Genre/form data or focus term informačné publikácie
Source of term UKBPH
655 #7 - INDEX TERM--GENRE/FORM
Genre/form data or focus term fotografické publikácie
Source of term UKBPH
655 #7 - INDEX TERM--GENRE/FORM
Genre/form data or focus term dvojjazyčné vydania
Source of term UKBPH
700 1# - ADDED ENTRY--PERSONAL NAME
Personal name Veverka, Mário,
Dates associated with a name 1975-
Relationship pht
700 1# - ADDED ENTRY--PERSONAL NAME
Personal name Valko, Juraj
Relationship trl
942 ## - ADDED ENTRY ELEMENTS (KOHA)
Source of classification or shelving scheme Dewey Decimal Classification
Koha item type Odborná literatúra pre dospelých
Suppress in OPAC No
980 ## - EQUIVALENCE OR CROSS-REFERENCE-SERIES STATEMENT--PERSONAL NAME/TITLE [LOCAL, CANADA]
Personal name Tlačiareň P+M, s.r.o., Budovateľská 1672/16, 038 53 Turany
Holdings
Stav vyradenia Strata Poškodenie Spôsob nadobudnutia Domovská knižnica Aktuálna knižnica Dátum nadobudnutia Total checkouts Čiarový kód exemplára Date last seen Typ exemplára
      Dar Obecná knižnica Belá-Dulice Obecná knižnica Belá-Dulice 23.04.2026   4735903415 23.04.2026 Odborná literatúra pre dospelých
Projekt je podporený Slovenskou asociáciou knižníc
Prevádzkuje Turčianska knižnica Martin 2026